METALLOGRAPHY OF HIGH TEMPERATURE IRON SCALES

Bibliographic Details
Main Authors: Kollárová, M. (Author), Šlesár, M. (Author), Miškovič, V. (Author)
Format: Article
Language:English

MARC

LEADER 00000nab a2200000uu 4500
001 vtls011480696
003 SK-MaSNL
005 20260303160031.0
008 230222|2004 xo |||||||||||||||||eng|
015 |a SNBRB 
035 |a (urnnbn)urn:nbn:sk:snk:ar-005d83 
035 |a (uuid)62db9e42-c4ad-47a6-8b7e-32ffaa1d515c 
035 |a urn:nbn:sk:snk-abd86q 
040 |a SNKBUCL  |b slo  |c SNKBUCL  |e AACR2 
041 0 |a eng 
044 |a xo  |c SK 
100 1 |a Kollárová, M.  |4 aut  |9 772848 
245 1 0 |a METALLOGRAPHY OF HIGH TEMPERATURE IRON SCALES  |c M. Kollárová, V. Miškovič, M. Šlesár 
246 3 |a METALOGRAFIA VYSOKOTEPLOTNÝCH Fe OKOVÍN 
700 1 |a Šlesár, M.  |4 aut  |9 783907 
700 1 |a Miškovič, V.  |4 aut  |9 627860 
773 0 |t Acta Metallurgica Slovaca : časopis Hutníckej fakulty Technickej univerzity Košice  |g Roč. 10, č. 1 (2004), s. 410-417 
958 |a OND 
958 |a EUIPO 
958 |a article18 
999 |c 2043944  |d 2045874